Guess the Hit Title from the Lyrics #3 - Statistics

General Stats
  • This quiz has been taken 547 times
  • The average score is 5 of 14
Answer Stats
Lyrics Answer % Correct
You can ____ __ __ like one two three, I'll be there / And i know when i need it i can ____ __ ___ like four three two, you'll be there Count On Me: By Bruno Mars
79%
Baby i don't need dollar bills to have fun tonight (I love ____ ___) / Baby i don't need dollar bills to have fun tonight (I love ____ ___) Cheap Thrills: By Sia
69%
So ____ __ __ when its all over / When im wiser and I'm older / All this time i was finding myself / And I didn't know i was lost Wake Me Up: By Avicci
63%
'Cause ___ ___ __ / Run around with guys like me / 'Til sundown, when i come through / I need a ___ ___ __ Girl's Like You: By Maroon 5
34%
And you can tell everybody that this is ___ ___ / It may be quite simple but now that its done / I hope you don't mind / I hope you don't mind / That i put it down in words Your Song: By Elton John
32%
I said if you thinkin' of being my baby it don't matter if your ____ __ ____ / I said if you thinkin' of being my brother it don't matter if you're ____ __ ____ Black or White: By Michael Jackson
30%
My house in _______ / My hidden treasure chest / Golden grand piano / My beautiful Castillo / You, (ooooh) You, (ooooh) I'd leave it all Budapest: By George Ezra
29%
Look what you made me do / I'm with somebody new / Ooh, baby baby I'm ______ ___ _ ______ Dancing With A Stranger: By Sam Smith & Normani
29%
So come on, __ __ __ / Just let it be / Why don't you be you / And i'll be me Let it Go: By James Bay
29%
If you're gonna let me down, let me down gently / Don't pretend that you don't want me / Our love ain't ____ ___ __ _____ Water Under The Bridge: By Adele
29%
This night is overdue, I can't help myself / One thing i wanna do, is get _____ to you, _____ to you, _____, _____ Closer: By Six60
21%
You got to ___ __ ___, easy / Live your life / Take on any kind of weather, you and me together / We'll be fine Take It Easy: By Stan Walker
10%
Its ___ ____, you know that its real / So why would you fight or try to deny the way that you feel? Only Human: By The Jonas Brothers
6%
Ay, like, ____ ___ swipe a visa / Seventeen, but i'm gon' be a millionare Costa Rica: By Bankrol Hayden
5%
No matching quizzes found
Score Distribution
Percent of People with Each Score
Percentile by Number Answered
Your Score History
You have not taken this quiz